000 00811nam a22002897a 4500
001 BR7906445
003 BR-BrBNA
005 20230928090149.0
007 ta
008 230509b bl.||||| |||| 00| 0 por d
040 _aBR-BrBNA
_bpor
_cBiblioteca Nacional de Agricultura
041 _a(Por)
072 _aE30; L00
_b5240
_b5250
_b/G514
090 _ 5240 BR7906445
110 1 _aSecretaria da Agricultura de Pernambuco, Recife (Brasil)
_98190
245 1 _aPre-projeto ovino-caprinocultura [Pernambuco; Brasil]
260 3 _aRecife, PE (Brasil):
_c[nd].
300 _a15 p.
500 _aPublished 1979?
650 _aPLANEJAMENTO AGRICOLA
650 _aOVINO
650 _aCAPRINO
650 _aPROJETO AGRICOLA
650 _aPERNAMBUCO
909 _a202309
_bLucia
_c55
_dLucia Elande
942 _cBK
999 _c27982
_d27982